Les « Nana Benz » et l’incendie du grand marché de Lomé: organisation d’une prise en charge médico-psychologique et culturelle (notice n° 1739590)
[ vue normale ]
| 000 -LEADER | |
|---|---|
| fixed length control field | 02808cam a2200337 4500500 |
| 005 - DATE AND TIME OF LATEST TRANSACTION | |
| control field | 20260322004341.0 |
| 041 ## - LANGUAGE CODE | |
| Language code of text/sound track or separate title | fre |
| 042 ## - AUTHENTICATION CODE | |
| Authentication code | dc |
| 100 10 - MAIN ENTRY--PERSONAL NAME | |
| Personal name | Soedje, Kokou Messanh Agbemele |
| Relator term | author |
| 245 00 - TITLE STATEMENT | |
| Title | Les « Nana Benz » et l’incendie du grand marché de Lomé: organisation d’une prise en charge médico-psychologique et culturelle |
| 260 ## - PUBLICATION, DISTRIBUTION, ETC. | |
| Date of publication, distribution, etc. | 2014.<br/> |
| 500 ## - GENERAL NOTE | |
| General note | 5 |
| 520 ## - SUMMARY, ETC. | |
| Summary, etc. | Introduction : le grand marché de Lomé a été victime d’un incendie suivi de scènes de pillage en janvier 2013. Les revendeuses ont été des témoins impuissants de cette situation. Objectif : ce travail avait pour but de mettre en relief les aspects culturels particuliers, à partir de cette intervention, les conséquences et les besoins psychologiques des impliqués directs aux prises avec cet événement traumatique. Méthodologie : après avoir présenté les modalités pratiques d’intervention et de prises en charge immédiates, nous exposerons les différentes articulations du suivi psychologique. Nous finirons par une analyse critique de la symptomatologie immédiate et post-traumatique observée. Conclusion : la perte de repère restait importante dans la démarche thérapeutique et devrait être intégrée lors d’éventuels événements délicats et/ou traumatiques. |
| 520 ## - SUMMARY, ETC. | |
| Summary, etc. | Introduction : the big market of Lome was a victim of a fire followed by scenes of plunder in January, 2013. The retailers were powerless witnesses of this is situation. Objective : this study aimed to highlight the particular cultural aspects, from this intervention, the consequences and psychological needs of those directly involved dealing with this traumatic event. Methodology : after presenting the intervention practices and procedures taken immediate charge, we will discuss the different joints of psychological counseling. We will finish with a critical analysis of the immediate post-traumatic symptoms observed. Conclusion : the loss of reference remained important in the treatment process and should be integrated at any sensitive events and / or traumatic. |
| 690 ## - LOCAL SUBJECT ADDED ENTRY--TOPICAL TERM (OCLC, RLIN) | |
| Topical term or geographic name as entry element | Équipe d’urgence médico-psychologique |
| 690 ## - LOCAL SUBJECT ADDED ENTRY--TOPICAL TERM (OCLC, RLIN) | |
| Topical term or geographic name as entry element | grand marché de Lomé |
| 690 ## - LOCAL SUBJECT ADDED ENTRY--TOPICAL TERM (OCLC, RLIN) | |
| Topical term or geographic name as entry element | incendie |
| 690 ## - LOCAL SUBJECT ADDED ENTRY--TOPICAL TERM (OCLC, RLIN) | |
| Topical term or geographic name as entry element | Togo |
| 690 ## - LOCAL SUBJECT ADDED ENTRY--TOPICAL TERM (OCLC, RLIN) | |
| Topical term or geographic name as entry element | big market of Lome |
| 690 ## - LOCAL SUBJECT ADDED ENTRY--TOPICAL TERM (OCLC, RLIN) | |
| Topical term or geographic name as entry element | Emergency medical and psychological team |
| 690 ## - LOCAL SUBJECT ADDED ENTRY--TOPICAL TERM (OCLC, RLIN) | |
| Topical term or geographic name as entry element | Fire |
| 690 ## - LOCAL SUBJECT ADDED ENTRY--TOPICAL TERM (OCLC, RLIN) | |
| Topical term or geographic name as entry element | Togo |
| 700 10 - ADDED ENTRY--PERSONAL NAME | |
| Personal name | Kpassagou, Bassantéa Lodegaena |
| Relator term | author |
| 700 10 - ADDED ENTRY--PERSONAL NAME | |
| Personal name | Lawson, Jean-Paul |
| Relator term | author |
| 700 10 - ADDED ENTRY--PERSONAL NAME | |
| Personal name | Hatta, Ogma |
| Relator term | author |
| 700 10 - ADDED ENTRY--PERSONAL NAME | |
| Personal name | Salifou, Saliou |
| Relator term | author |
| 700 10 - ADDED ENTRY--PERSONAL NAME | |
| Personal name | Wenkourama, Daméga |
| Relator term | author |
| 700 10 - ADDED ENTRY--PERSONAL NAME | |
| Personal name | Dassa, Kolou Simliwa |
| Relator term | author |
| 786 0# - DATA SOURCE ENTRY | |
| Note | Psy Cause | 66 | 2 | 2014-01-18 | p. 43-47 | 1245-2394 |
| 856 41 - ELECTRONIC LOCATION AND ACCESS | |
| Uniform Resource Identifier | <a href="https://shs.cairn.info/revue-psy-cause-2014-2-page-43?lang=fr&redirect-ssocas=7080">https://shs.cairn.info/revue-psy-cause-2014-2-page-43?lang=fr&redirect-ssocas=7080</a> |
Pas d'exemplaire disponible.




Réseaux sociaux